| 000 | 01332nam a22002417a 4500 | ||
|---|---|---|---|
| 999 |
_c60232 _d60232 |
||
| 003 | Ge_BSU | ||
| 005 | 20230621100755.0 | ||
| 008 | 230621s2015 ge ||||| |||| 00| 0 geo d | ||
| 020 | _a9789941445880 | ||
| 041 | _ageo | ||
| 080 | _a94(479.22:470) მ-59 | ||
| 100 |
_aმეტრეველი, როინ _918841 |
||
| 245 |
_aაღუვსებელი საწყაული ანუ ამაოება ამაოებათა : _b[ნარკვევი] / _c როინ მეტრეველი ; რედ. ბუბა კუდავა. |
||
| 264 |
_aთბილისი : _bარტანუჯი, _c2015. |
||
| 300 |
_a40 გვ. ; _b20 სმ. |
||
| 653 | _aსაქართველო–რუსეთის ურთიერთობების ისტორია | ||
| 653 | _aრუსეთ–კავკასიის ურთიერთობების ისტორია. | ||
| 653 | _aკავკასიის გეოპოლიტიკა. | ||
| 653 | _aეთნოკონფლიქტები საქართველოში. | ||
| 653 | _aდემოგრაფიული ვითარება მსოფლიოში. | ||
| 700 |
_aკუდავა, ბუბა _eრედაქტორი _93540 |
||
| 942 |
_2udc _cBK |
||